000 01288nam a2200325 i 4500
001 69708
003 Mx-PuUPA
005 20250521110020.0
008 220613b2019 nyud|||fr|||| 001 0 eng d
020 _a9781138800137
_qrústica
040 _aMx-PuUPA
_bspa
_cMx-PuUPA
_dMx-PuUPA
_erda
041 0 _aeng
245 0 4 _aThe reviewer's guide to quantitative methods in the social sciences /
_cedited by Gregory R. Hancock, Laura M. Stapleton, and Ralph O. Mueller
250 _aSecond edition
264 1 _aNew York, NY. :
_bRoutledge,
_c©2019
300 _axii, 501 páginas :
_bgráficas, tablas ;
_c26 cm
336 _2rdacontent
_atexto
_btxt
337 _2rdamedia
_asin medio
_bn
338 _2rdacarrier
_avolumen
_bnc
650 7 _2armarc
_aCiencias sociales
_xInvestigación
_xMetodología
650 7 _2armarc
_aCiencias sociales
_xMétodos estadísticos
700 1 _aHancock, Gregory R.,
_eeditor
_912775
700 1 _aStapleton, Laura M.,
_eeditor
700 1 _aMueller, Ralph O.,
_eeditor
942 _2ddc
_cLI
_h300.72
_iR44
999 _c69708
_d69708